Scaling

This book describes and teaches the art of discovering scaling laws, starting from dimensional analysis and physical similarity, which are given a modern treatment here

Uloženo v:
Podrobná bibliografie
Hlavní autor: Barenblatt, Griory Isaakovich
Médium: Kniha
Jazyk:Undetermined
Vydáno: Cambridge Cambridge University Press 2003
Témata:
Tagy: Přidat tag
Žádné tagy, Buďte první, kdo otaguje tento záznam!
Thư viện lưu trữ: Trung tâm Học liệu Trường Đại học Cần Thơ
LEADER 00821nam a2200217Ia 4500
001 CTU_169583
008 210402s9999 xx 000 0 und d
020 |c 8.70 
082 |a 530.1 
082 |b B248 
100 |a Barenblatt, Griory Isaakovich 
245 0 |a Scaling 
245 0 |c Griory Isaakovich Barenblatt 
260 |a Cambridge 
260 |b Cambridge University Press 
260 |c 2003 
520 |a This book describes and teaches the art of discovering scaling laws, starting from dimensional analysis and physical similarity, which are given a modern treatment here 
650 |a Scaling laws (Statistical physics),discovering scaling laws 
650 |x Khám phá quy luật mở rộng,Thống kê vật lý 
904 |i Lan 
980 |a Trung tâm Học liệu Trường Đại học Cần Thơ